000 00454nam a2200193Ia 4500
008 151121s9999||||xx |||||||||||||| ||und||
082 _a500/Hux
082 _bHNW-3778
100 _aHuxley Julian
245 _aEssays Of A Biologist
260 _bPenguin Book
260 _c--
300 _a245
600 _aHuxley Julian
630 _aEssays Of A Biologist
700 _aHuxley Julian
730 _aEssays Of A Biologist
942 _cBOOK
999 _c1212321
_d1212318